Missing Word: 10-Letter Movie Words Quiz Stats

 Plays Quiz Updated Jul 10, 2012

Support Sporcle.
Go Orange.
Score 0/20 Timer 03:00
2 Plays Today
Film 10-Letter Word % Correct
Alice In ________Wonderland
97.9%
The ________ HulkIncredible
95.9%
The ________ of TintinAdventures
88.5%
Rules of ________Engagement
83.6%
________ Sarah MarshallForgetting
79.1%
Cruel ________Intentions
77.9%
Dirty Rotten ________Scoundrels
73.3%
Mr. Smith Goes to ________Washington
69.9%
The ________ CandidateManchurian
68.1%
The ________ of RiddickChronicles
67.7%
Film 10-Letter Word % Correct
________ ActivityParanormal
63.2%
The ________ BureauAdjustment
51.1%
The Royal _______Tenenbaums
48.3%
________ NowApocalypse
47.4%
The Last ________ of ChristTemptation
44.9%
On the ________Waterfront
40.5%
The Mothman ________Prophecies
37%
________ TheoryConspiracy
22.3%
The ________ RunCannonball
21.9%
The ________ DiariesBasketball
12.4%

Today's Daily Dose

Word Ladder
ING Words

Get the Picture
Nearest Volcano

From the Vault

Largest Country Containing Each Letter

by caramba

Who knew that when the biggest countries in the world get together, they like to sing their ABCs?
Remove Ads.
Support Sporcle.
Get the best of Sporcle when you Go Orange. This ad-free experience offers more features, more stats, and more fun while also helping to support Sporcle. Thank you for becoming a member.

Show Comments

Extras

Top Quizzes Today


Score Distribution

Your Account Isn't Verified!

In order to create a playlist on Sporcle, you need to verify the email address you used during registration. Go to your Sporcle Settings to finish the process.

Report this User

Report this user for behavior that violates our Community Guidelines.

Details: